Přeskočit na obsah

Применение математического моделирования при учете социо-эколого-экономических факторов в проектном цикле Статья

Uloženo v:
Podrobná bibliografie
Hlavní autor: Пинаев В.Е
Médium: Статья
On-line přístup:https://znanium.com/catalog/document?id=14893
https://znanium.com/cover/0484/484504.jpg
Tagy: Přidat tag
Žádné tagy, Buďte první, kdo otaguje tento záznam!
LEADER 01288nam0a2200229 i 4500
001 RU\infra-m\znanium\bibl\484504
003 https://znanium.com/catalog/document?id=14893
005 20211203000000.0
100 |a 20211203d2014 m y0rusy0150 ca 
101 0 |a rus 
102 |a RU 
200 1 |a Применение математического моделирования при учете социо-эколого-экономических факторов в проектном цикле  |e Статья 
210 1 |a Москва  |c Издательский центр "Науковедение"  |d 2014 
215 |a 12 с. 
333 |a Аспирантура 
606 |a Физико-математические науки  |x Математическое моделирование  |2 local 
608 |a Статья  |2 local 
700 1 |a Пинаев  |b В.Е. 
701 1 |a Ледащева  |b Т.Н.  |g Татьяна Николаевна 
801 0 |a RU  |b Общество с ограниченной ответственностью «ЗНАНИУМ»  |c 20140821  |2 rusmarc 
856 4 |a znanium.com  |m ebs_support@infra-m.ru  |n НИЦ ИНФРА-М  |u https://znanium.com/catalog/document?id=14893 
856 4 1 |a znanium.com  |d /cover/0484  |f 484504.jpg  |q image/jpeg  |u https://znanium.com/cover/0484/484504.jpg